| 000 | 00985nam a22002897a 4500 | ||
|---|---|---|---|
| 003 | CHAP | ||
| 005 | 20220329140948.0 | ||
| 008 | 971013s1986 r 00010 d | ||
| 010 | _a60527 | ||
| 011 | _a61499 | ||
| 035 | _a65665 | ||
| 040 | _cCHAP | ||
| 082 |
_a633.15 _bF44 |
||
| 245 |
_aTo Feed Ourselves _b: a proceedings of the First Easterns, Central and Southern Africa Regional Maize Workshop (1985: Lusaka, Zambia) |
||
| 260 |
_aMéxico : _bCIMMYT, _c1986 |
||
| 300 |
_a307 p. _b: ilus. |
||
| 590 |
_aBATCH-UPD _b10 _c20130110 _lUCH01 _h0222 |
||
| 590 |
_aBATCH-UPD _b10 _c20130409 _lUCH01 _h2242 |
||
| 590 |
_aBATCH-UPD _b10 _c20130914 _lUCH01 _h1753 |
||
| 590 |
_aCONVERSION _b10 _c20130109 _lUCH01 _h1333 |
||
| 650 | 1 | 4 |
_aMaíz _xCongresos. _970909 |
| 650 | 1 | 4 |
_aMaíz _zAfrica. _971089 |
| 901 | _aBK | ||
| 942 | _cLIBRO | ||
| 949 |
_a633.15 F44 _bBC _cLIBRO _d33724000206777 _eLIBRO _h72717 _i65665 _si |
||
| 949 |
_a633.15 F44 _bBC _cLIBRO _d33724000206785 _eLIBRO _fc.2 _h72718 _i65665 _si |
||
| 999 |
_c60527 _d60527 |
||